LEADER 02989 am 2200613 n 450 001 9910418042303321 005 20200110 010 $a2-7574-2624-9 024 7 $a10.4000/books.septentrion.73123 035 $a(CKB)4100000011289030 035 $a(FrMaCLE)OB-septentrion-73123 035 $a(oapen)https://directory.doabooks.org/handle/20.500.12854/41629 035 $a(PPN)248497499 035 $a(EXLCZ)994100000011289030 100 $a20200611j|||||||| ||| 0 101 0 $afre 135 $auu||||||m|||| 181 $ctxt$2rdacontent 182 $cc$2rdamedia 183 $acr$2rdacarrier 200 10$aAutocensure et compromis dans la pensée politique de Kant /$fDomenico Losurdo 210 $aVilleneuve d'Ascq $cPresses universitaires du Septentrion$d2020 215 $a1 online resource (256 p.) 311 $a2-85939-432-X 330 $aNier l?existence d?un droit de résistance, n?était-ce pas aussi pour Kant une façon de défendre l?État issu de la Révolution française ? Tel est le point de départ choisi par D. Losurdo pour procéder à une relecture de l?ensemble de la pensée politique kantienne : face à toutes les « incohérences » que celle-ci semble comporter, face à tant de « duplicités », mi-calculées, mi-imposées par le contexte allemand et européen de l?époque, peut-on encore s?en tenir à l?image traditionnelle d?un homme exclusivement préoccupé de rigueur morale et de défense de l?ordre établi ? Le lien entre persécution et art d?écrire que laisse deviner le texte kantien ne suggère-t-il pas, au contraire, une toute autre figure, plus dramatique et moins rassurante ? Celle d?un philosophe contraint de se livrer à un exercice permanent d?autocensure et de dissimulation pour échapper à la vigilance des autorités prussiennes ? Et celle d?une théorie politique dont l?ambiguïté ne fait que réfléchir ce qui, dans les conditions de l?Allemagne contre-révolutionnaire, constitue le prix à payer pour tout intellectuel progressiste désireux de jouir d?une relative liberté d?expression : la laborieuse recherche d?un compromis avec le pouvoir en place. 606 $aPhilosophy 606 $apolitique 606 $aphilosophie 606 $araison 606 $apensée 606 $acritique 606 $aautocensure 606 $acompromis 610 $aautocensure 610 $aphilosophie 610 $acompromis 610 $apolitique 610 $apensée 610 $araison 610 $acritique 615 4$aPhilosophy 615 4$apolitique 615 4$aphilosophie 615 4$araison 615 4$apensée 615 4$acritique 615 4$aautocensure 615 4$acompromis 700 $aLosurdo$b Domenico$0125055 801 0$bFR-FrMaCLE 906 $aBOOK 912 $a9910418042303321 996 $aAutocensure et compromis dans la pensée politique de Kant$93038471 997 $aUNINA LEADER 01493nas 2200481 c 450 001 9910146988103321 005 20260218111529.0 035 $a(DE-599)ZDB2142850-5 035 $a(OCoLC)1368148624 035 $a(DE-101)025865269 035 $a(CKB)1000000000526398 035 $a(DE-599)2142850-5 035 $a(EXLCZ)991000000000526398 100 $a20040415a20019999 |y | 101 0 $ager 135 $aur||||||||||| 181 $ctxt$2rdacontent 182 $cc$2rdamedia 183 $acr$2rdacarrier 200 10$aBla?tter des Schwa?bischen Albvereins$fHrsg.: Schwa?bischer Albverein e.V., Stuttgart 210 31$aStuttgart$cVerein$d2001- 215 $aOnline-Ressource 300 $aGesehen am 08.07.24 311 08$a1438-373X 606 $aHeimatkunde$3(DE-588)4127794-6$3https://d-nb.info/gnd/4127794-6$3(DE-101)041277945$9rswk-swf$2gnd 606 $aZeitschrift$3(DE-588)4067488-5$3https://d-nb.info/gnd/4067488-5$3(DE-101)040674886$9rswk-swf$2gnd 607 $aSchwäbische Alb$9rswk-swf$2gnd 608 $aZeitschrift$2gnd-content 608 $aZeitschrift$9rswk-swf$2gnd 608 $aOnline-Publikation$9rswk-swf$2gnd 615 7$aHeimatkunde. 615 7$aZeitschrift. 676 $a914.3 676 $a943 676 $a390 676 $a360 801 0$b0024 801 1$bDE-101 801 2$b0024 906 $aJOURNAL 912 $a9910146988103321 996 $aBla?tter des Schwa?bischen Albvereins$94438368 997 $aUNINA